| 000 | 00717aam a2200241 a 4500 | ||
|---|---|---|---|
| 008 | |||
| 020 | _a0434915165 | ||
| 049 | _aMAIN | ||
| 090 | _aTK9956PRI | ||
| 100 | 1 | _aPritchard, Joe. | |
| 245 | 1 | 0 |
_aNewnes amateur radio computing handbook / _cJoe Pritchard. |
| 260 |
_aOxford : _bHeinemann Newnes, _c1990. |
||
| 300 |
_aix, 363 p. : _bill. ; _c21 cm. |
||
| 504 | _aIncludes bibliographical references: p. 356-357 | ||
| 500 | _aincludes index | ||
| 650 | 0 |
_aAmateur radio stations _xData processing. |
|
| 650 | 0 | _aMicrocomputers. | |
| 907 |
_a.b10007532 _b14-02-06 _c17-04-03 |
||
| 003 | |||
| 005 | 20230123133118.0 | ||
| 040 | _cNUST | ||
| 942 |
_cBOOKS _kTK9956PRI |
||
| 999 |
_c142944 _d142944 |
||